[Event "Vojvodina op 9th"]
[Site "Novi Sad"]
[Date "2018.07.24"]
[Round "5"]
[White "Pecelj, Nedeljko"]
[Black "Kostic, Vladimir G"]
[Result "0-1"]
[WhiteElo "2159"]
[BlackElo "2319"]
[PlyCount "87"]
[EventDate "2018.07.22"]
[EventType "swiss"]
[EventRounds "9"]
[EventCountry "YUG"]
[SourceTitle "CBM 185 Extra"]
[Source "ChessBase"]
[SourceDate "2018.07.29"]
[SourceVersion "1"]
[SourceVersionDate "2018.07.29"]
[SourceQuality "1"]

1. Nf3 d6 2. d4 Bg4 3. g3 Nd7 4. Bg2 e5 5. c4 Ngf6 6. Nc3 Be7 7. h3 Bxf3 8. Bxf3 c6 9. 0-0 0-0 10. b3 Re8 11. e3 Bf8 12. dxe5 dxe5 13. Qc2 Nc5 14. Rd1 Qc8 15. Bg2 a5 16. Bb2 Qc7 17. Rab1 Rad8 18. Rxd8 Rxd8 19. Rd1 Rxd1+ 20. Qxd1 Qd7 21. Qxd7 Nfxd7 22. Kf1 Nd3 23. Nd1 f5 24. Ke2 N7c5 25. Kd2 Bd6 26. Ba3 e4 27. Bf1 Nb4 28. Nc3 Nd7 29. Be2 Kf7 30. Nb1 Ke7 31. Bxb4 Bxb4+ 32. Kd1 Ne5 33. a3 Bd6 34. Kc2 Nd7 35. Kc3 Be5+ 36. Kc2 b6 37. b4 axb4 38. axb4 g5 39. Kd2 Nf6 40. Bd1 h5 41. Be2 h4 42. gxh4 gxh4 43. f3 Bd6 44. Kc3 0-1

[Event "Vojvodina-chT"]
[Site "Novi Sad"]
[Date "2017.11.18"]
[Round "8.3"]
[White "Pecelj, Nedeljko"]
[Black "Stanojevic, Branko"]
[Result "1-0"]
[WhiteElo "2165"]
[BlackElo "2183"]
[PlyCount "117"]
[EventDate "2017.11.13"]
[EventType "team-tourn"]
[EventRounds "11"]
[EventCountry "SRB"]
[SourceTitle "CBM 181 Extra"]
[Source "ChessBase"]
[SourceDate "2017.12.12"]
[SourceVersion "1"]
[SourceVersionDate "2017.12.12"]
[SourceQuality "1"]
[WhiteTeam "Gajdobra Hercegovac"]
[BlackTeam "Stara Pazova"]
[WhiteTeamCountry "SRB"]
[BlackTeamCountry "SRB"]

1. Nf3 c5 2. c4 g6 3. e3 Bg7 4. d4 Nf6 5. Nc3 0-0 6. Be2 cxd4 7. exd4 d5 8. 0-0 Nc6 9. c5 Ne4 10. Be3 b6 11. cxb6 Nxc3 12. bxc3 axb6 13. Qd2 Ba6 14. Bxa6 Rxa6 15. Bh6 Qc7 16. h4 Rc8 17. Bxg7 Kxg7 18. h5 Nd8 19. Rfe1 b5 20. Qg5 Ne6 21. h6+ Kf8 22. Qxd5 Qf4 23. Qb7 Rac6 24. d5 R6c7 25. Qb6 Nc5 26. Qxb5 Qxh6 27. Nd4 Qg5 28. c4 Nd3 29. Red1 Nf4 30. g3 Rxc4 31. Nf3 Qh5 32. Nd2 R4c5 33. Qb2 Ne2+ 34. Kg2 f6 35. d6 Qe5 36. Qxe5 fxe5 37. Ne4 Rc2 38. d7 Rd8 39. Ng5 Rc6 40. Nxh7+ Kg7 41. Ng5 Nd4 42. Nf3 Nxf3 43. Kxf3 Rd6 44. Rxd6 exd6 45. Ke4 Rxd7 46. Kd5 Kf6 47. a4 Ke7 48. a5 Rc7 49. a6 Rc5+ 50. Ke4 Rc4+ 51. Kf3 Rc8 52. a7 Ra8 53. Kg4 d5 54. Kg5 Kd6 55. Kxg6 e4 56. Kf5 Kc5 57. g4 Kc4 58. g5 Rf8+ 59. Ke5 1-0

[Event "Vojvodina-chT"]
[Site "Novi Sad"]
[Date "2017.11.17"]
[Round "6.3"]
[White "Pecelj, Nedeljko"]
[Black "Omorjan, Dejan"]
[Result "1-0"]
[WhiteElo "2165"]
[BlackElo "2206"]
[PlyCount "87"]
[EventDate "2017.11.13"]
[EventType "team-tourn"]
[EventRounds "11"]
[EventCountry "SRB"]
[SourceTitle "CBM 181 Extra"]
[Source "ChessBase"]
[SourceDate "2017.12.12"]
[SourceVersion "1"]
[SourceVersionDate "2017.12.12"]
[SourceQuality "1"]
[WhiteTeam "Gajdobra Hercegovac"]
[BlackTeam "Novi Sad Vojvodina"]
[WhiteTeamCountry "SRB"]
[BlackTeamCountry "SRB"]

1. Nf3 Nf6 2. g3 g6 3. Bg2 Bg7 4. c4 c6 5. 0-0 0-0 6. d4 d5 7. cxd5 cxd5 8. Nc3 Nc6 9. Ne5 e6 10. Nxc6 bxc6 11. Bf4 Nh5 12. Be3 Rb8 13. Qd2 Qb6 14. b3 f5 15. Rfd1 f4 16. Bxf4 Nxf4 17. gxf4 Rb7 18. e3 Rbf7 19. f3 Qd8 20. Rac1 g5 21. fxg5 Qxg5 22. f4 Qh6 23. Rf1 Rf5 24. Bf3 Kh8 25. Qe2 c5 26. Nb5 e5 27. dxe5 Ba6 28. a4 d4 29. Bg4 R5f7 30. Rxc5 dxe3 31. f5 Qb6 32. Qxe3 Bxb5 33. axb5 Bh6 34. Qc3 Rc8 35. b4 Bf8 36. Kh1 Bxc5 37. e6+ Rg7 38. f6 Rxg4 39. f7+ Rg7 40. bxc5 Qb7+ 41. c6 Qe7 42. Rg1 Qf8 43. Qf6 Rc7 44. Rxg7 1-0

[Event "Vojvodina-chT"]
[Site "Novi Sad"]
[Date "2017.11.16"]
[Round "5.2"]
[White "Pecelj, Nedeljko"]
[Black "Labus, Vladislav"]
[Result "0-1"]
[WhiteElo "2165"]
[BlackElo "2103"]
[PlyCount "64"]
[EventDate "2017.11.13"]
[EventType "team-tourn"]
[EventRounds "11"]
[EventCountry "SRB"]
[SourceTitle "CBM 181 Extra"]
[Source "ChessBase"]
[SourceDate "2017.12.12"]
[SourceVersion "1"]
[SourceVersionDate "2017.12.12"]
[SourceQuality "1"]
[WhiteTeam "Gajdobra Hercegovac"]
[BlackTeam "Indija Sloga"]
[WhiteTeamCountry "SRB"]
[BlackTeamCountry "SRB"]

1. Nf3 f5 2. g3 Nf6 3. Bg2 e6 4. 0-0 Be7 5. c4 0-0 6. d4 d5 7. b3 Ne4 8. Ne5 Nd7 9. f3 Nef6 10. Nc3 c5 11. Nxd7 Bxd7 12. cxd5 exd5 13. Be3 Qa5 14. Rc1 Bc6 15. Qd2 Rfe8 16. Rfd1 Qb6 17. dxc5 Bxc5 18. Bxc5 Qxc5+ 19. Qd4 Qe7 20. Rc2 Rad8 21. Rcd2 a6 22. Kf1 h6 23. Qb6 f4 24. gxf4 Nh5 25. Qd4 Qh4 26. Kg1 Nxf4 27. Qf2 Qg5 28. Qg3 Qf6 29. Ne4 dxe4 30. Rxd8 Nxe2+ 31. Kf2 Nxg3 32. Rxe8+ Bxe8 0-1

[Event "Vojvodina-chT"]
[Site "Novi Sad"]
[Date "2017.11.14"]
[Round "2.4"]
[White "Pecelj, Nedeljko"]
[Black "Nagy, Attila"]
[Result "1/2-1/2"]
[WhiteElo "2165"]
[BlackElo "2191"]
[PlyCount "136"]
[EventDate "2017.11.13"]
[EventType "team-tourn"]
[EventRounds "11"]
[EventCountry "SRB"]
[SourceTitle "CBM 181 Extra"]
[Source "ChessBase"]
[SourceDate "2017.12.12"]
[SourceVersion "1"]
[SourceVersionDate "2017.12.12"]
[SourceQuality "1"]
[WhiteTeam "Gajdobra Hercegovac"]
[BlackTeam "Senta"]
[WhiteTeamCountry "SRB"]
[BlackTeamCountry "SRB"]

1. Nf3 c5 2. c4 b6 3. g3 Bb7 4. Bg2 Nf6 5. 0-0 e6 6. Nc3 Be7 7. d4 cxd4 8. Nxd4 Bxg2 9. Kxg2 0-0 10. b3 Qc8 11. Bb2 Rd8 12. e3 a6 13. Qf3 Ra7 14. Rfd1 d6 15. Rd2 Nfd7 16. h4 Ne5 17. Qe2 Nbc6 18. f4 Nd7 19. Nxc6 Qxc6+ 20. Qf3 Qc8 21. Rad1 Nf6 22. Ne4 Nxe4 23. Qxe4 Rad7 24. Qd4 Qc6+ 25. e4 Bf6 26. Qe3 Bxb2 27. Rxb2 b5 28. Rd4 h6 29. Rbd2 Qb7 30. Qf3 bxc4 31. bxc4 Qc7 32. Kh2 e5 33. fxe5 dxe5 34. Rd5 Rxd5 35. cxd5 Rd6 36. Qa3 Kh7 37. Rf2 f6 38. h5 Qd7 39. Qf3 Rb6 40. a3 Kg8 41. Rc2 Rb1 42. Qc3 Rd1 43. Qc8+ Qxc8 44. Rxc8+ Kf7 45. Rc7+ Kf8 46. Ra7 Rd4 47. Rxa6 Rxe4 48. Kg2 Rd4 49. d6 Ke8 50. Ra8+ Kd7 51. Ra7+ Kxd6 52. Rxg7 Ra4 53. Rg6 Ke6 54. Rxh6 Rxa3 55. Rh8 Kf5 56. h6 Ra7 57. h7 Kg6 58. Kf3 Rxh7 59. Rg8+ Kf5 60. Rd8 Rg7 61. Ra8 Rg4 62. Ra5 Rb4 63. Ra8 Rb3+ 64. Kf2 e4 65. Re8 Rb2+ 66. Ke3 Rg2 67. Rg8 Rg1 68. Kf2 Ra1 1/2-1/2

[Event "Gligoric Cup 4th"]
[Site "Novi Banovci"]
[Date "2017.05.28"]
[Round "5.5"]
[White "Pecelj, Nedeljko"]
[Black "Kovacevic, Djordje"]
[Result "1/2-1/2"]
[WhiteElo "2141"]
[BlackElo "2113"]
[PlyCount "119"]
[EventDate "2017.05.25"]
[EventType "team-swiss"]
[EventRounds "5"]
[EventCountry "SRB"]
[SourceTitle "CBM 178 Extra"]
[Source "ChessBase"]
[SourceDate "2017.06.22"]
[SourceVersion "1"]
[SourceVersionDate "2017.06.22"]
[SourceQuality "1"]
[WhiteTeam "Gajdobra Hercegovac"]
[BlackTeam "Stara Pazova"]
[WhiteTeamCountry "SRB"]
[BlackTeamCountry "SRB"]

1. Nf3 Nf6 2. g3 g6 3. Bg2 Bg7 4. c4 d6 5. 0-0 0-0 6. Nc3 Nbd7 7. d4 c5 8. Qc2 Rb8 9. Rd1 b6 10. b3 Bb7 11. Bb2 a6 12. d5 b5 13. cxb5 axb5 14. Nxb5 Bxd5 15. Nc3 Ba8 16. e4 Ng4 17. Nd2 Bd4 18. Rf1 Bb7 19. h3 Nge5 20. Rfd1 Ba6 21. Nf3 Nxf3+ 22. Bxf3 Ne5 23. Be2 Bxe2 24. Nxe2 Bxb2 25. Qxb2 Qc8 26. Kg2 c4 27. Rab1 cxb3 28. axb3 Qb7 29. Qd4 Rfc8 30. Nc3 Rc5 31. Rdc1 Nc6 32. Qe3 Nb4 33. Qf3 Rbc8 34. Ne2 f5 35. exf5 Qxf3+ 36. Kxf3 Rxf5+ 37. Kg2 Rcc5 38. Rxc5 Rxc5 39. f4 Kf7 40. Kf3 Nd5 41. Rb2 Ke8 42. Ke4 Nc3+ 43. Kd3 Nxe2 44. Rxe2 Kd7 45. Rc2 Rh5 46. h4 Rd5+ 47. Kc3 Rc5+ 48. Kb2 Rxc2+ 49. Kxc2 h5 50. Kd3 Kc6 51. g4 e6 52. gxh5 gxh5 53. Ke4 Kc5 54. Kd3 Kb4 55. Kc2 d5 56. Kb2 Kb5 57. Kc2 Kc5 58. Kd3 Kb4 59. Kd4 Kxb3 60. f5 1/2-1/2

[Event "Novi Sad Serbian op"]
[Site "Novi Sad"]
[Date "2016.11.08"]
[Round "4"]
[White "Pecelj, Nedeljko"]
[Black "Bensaid, Simon"]
[Result "1-0"]
[WhiteElo "2148"]
[BlackElo "1965"]
[PlyCount "97"]
[EventDate "2016.11.06"]
[EventType "swiss"]
[EventRounds "9"]
[EventCountry "SRB"]
[SourceTitle "CBM 175 Extra"]
[Source "ChessBase"]
[SourceDate "2016.12.12"]
[SourceVersion "1"]
[SourceVersionDate "2016.12.12"]
[SourceQuality "1"]

1. g3 g6 2. Bg2 Bg7 3. c4 c5 4. Nc3 Nf6 5. Nf3 0-0 6. d4 cxd4 7. Nxd4 Nc6 8. 0-0 Nxd4 9. Qxd4 d6 10. b3 Nd7 11. Qd2 a6 12. Bb2 Rb8 13. Nd5 Bxb2 14. Qxb2 b5 15. cxb5 axb5 16. Nb4 Ne5 17. h3 Bb7 18. f4 Qb6+ 19. Rf2 Bxg2 20. Kxg2 Qb7+ 21. Kh2 Nd7 22. Qd4 Nf6 23. Rd1 Rfc8 24. e3 Rc5 25. g4 Rbc8 26. Rg2 Qf3 27. Rd3 Rc1 28. Nd5 R8c2 29. Nxf6+ exf6 30. Rdd2 Rd1 31. Rxc2 Rxd4 32. exd4 Qxf4+ 33. Kh1 Qf1+ 34. Kh2 Qf4+ 35. Kh1 Qxd4 36. Rgf2 Kg7 37. Rce2 b4 38. Kg2 d5 39. Rf3 g5 40. Ref2 Qe4 41. Kf1 Qe5 42. Rf5 Qd6 43. Ke2 Qe6+ 44. Kd2 Qc6 45. R5f3 d4 46. Kd3 Qc3+ 47. Ke4 d3 48. Rxd3 Qe1+ 49. Kf3 1-0

[Event "Novi Sad Serbian op"]
[Site "Novi Sad"]
[Date "2016.11.07"]
[Round "3"]
[White "Cerovic, Danilo"]
[Black "Pecelj, Nedeljko"]
[Result "1-0"]
[WhiteElo "2345"]
[BlackElo "2148"]
[PlyCount "137"]
[EventDate "2016.11.06"]
[EventType "swiss"]
[EventRounds "9"]
[EventCountry "SRB"]
[SourceTitle "CBM 175 Extra"]
[Source "ChessBase"]
[SourceDate "2016.12.12"]
[SourceVersion "1"]
[SourceVersionDate "2016.12.12"]
[SourceQuality "1"]

1. e4 e6 2. d4 d5 3. Nc3 dxe4 4. Nxe4 Bd7 5. Nf3 Bc6 6. Bd3 Nd7 7. 0-0 Ngf6 8. Ng3 Be7 9. Re1 Bxf3 10. Qxf3 c6 11. c3 0-0 12. h4 Re8 13. h5 h6 14. Bf4 Nf8 15. a3 Bd6 16. Be5 Bxe5 17. dxe5 N6d7 18. Rad1 Qc7 19. Qe3 Qb6 20. Qe2 a5 21. Bc2 f5 22. exf6 Nxf6 23. Ne4 Nxe4 24. Bxe4 Rad8 25. Bb1 Rxd1 26. Rxd1 Rd8 27. Re1 Qb3 28. Bd3 Qd5 29. Bc4 Qd6 30. a4 Re8 31. Qe3 Re7 32. Bb3 Kf7 33. Rd1 Qc7 34. g3 Rd7 35. Rxd7+ Qxd7 36. Qb6 Nh7 37. Qxa5 Nf6 38. Qe5 Ke7 39. Qc5+ Qd6 40. Qa7 Qc7 41. a5 Kd7 42. a6 bxa6 43. Bxe6+ Kd6 44. Qxc7+ Kxc7 45. Bf7 a5 46. f3 Nd7 47. Kf2 Nc5 48. b3 a4 49. b4 Nd7 50. Ke3 Kd6 51. Ba2 Ke5 52. c4 a3 53. f4+ Kf5 54. Kf3 Nb6 55. b5 c5 56. g4+ Ke6 57. Ke3 Nd7 58. g5 Kf5 59. Bb1+ Kg4 60. gxh6 gxh6 61. Ke4 Nb6 62. Ba2 Kxh5 63. Kf5 Na4 64. Ke6 Kg6 65. f5+ Kg7 66. Ke7 Nb6 67. f6+ Kg6 68. Bb1+ Kg5 69. f7 1-0

[Event "Vojvodina-ch 7th"]
[Site "Novi Sad"]
[Date "2016.07.20"]
[Round "8"]
[White "Pecelj, Nedeljko"]
[Black "Saric, Sinisa"]
[Result "0-1"]
[WhiteElo "2169"]
[BlackElo "2435"]
[PlyCount "94"]
[EventDate "2016.07.15"]
[EventType "swiss"]
[EventRounds "9"]
[EventCountry "YUG"]
[SourceTitle "CBM 173 Extra"]
[Source "ChessBase"]
[SourceDate "2016.08.29"]
[SourceVersion "1"]
[SourceVersionDate "2016.08.29"]
[SourceQuality "1"]

1. Nf3 Nf6 2. g3 g6 3. Bg2 Bg7 4. c4 c5 5. Nc3 0-0 6. 0-0 d5 7. cxd5 Nxd5 8. Nxd5 Qxd5 9. d3 Nc6 10. Be3 Bd7 11. Nd4 Qd6 12. Nxc6 Bxc6 13. Bxc6 Qxc6 14. Qc2 b6 15. Rac1 Qe6 16. b3 Rfd8 17. Qc4 Rd5 18. h3 Rad8 19. Kg2 Qd7 20. Qe4 Be5 21. Rc4 Kg7 22. f4 f5 23. Qf3 Bf6 24. Rfc1 h5 25. b4 cxb4 26. Rxb4 Ra5 27. Rc2 Rc8 28. Rxc8 Qxc8 29. Rc4 Qd7 30. Qa8 Rxa2 31. Kf3 b5 32. Rc8 Kh7 33. Rc5 b4 34. Re5 Bxe5 35. fxe5 Rc2 36. Qf8 Qe6 37. d4 Rc8 38. Qh6+ Kg8 39. Kf2 Rd8 40. Bg5 Rd7 41. d5 Rxd5 42. Bf6 exf6 43. Qxg6+ Kf8 44. exf6 Qf7 45. Qh6+ Kg8 46. Qg5+ Kh7 47. e4 fxe4 0-1

[Event "Vojvodina-ch 7th"]
[Site "Novi Sad"]
[Date "2016.07.17"]
[Round "4"]
[White "Pecelj, Nedeljko"]
[Black "Kumic, Filip"]
[Result "0-1"]
[WhiteElo "2169"]
[BlackElo "2312"]
[PlyCount "52"]
[EventDate "2016.07.15"]
[EventType "swiss"]
[EventRounds "9"]
[EventCountry "YUG"]
[SourceTitle "CBM 173 Extra"]
[Source "ChessBase"]
[SourceDate "2016.08.29"]
[SourceVersion "1"]
[SourceVersionDate "2016.08.29"]
[SourceQuality "1"]

1. Nf3 Nf6 2. g3 g6 3. Bg2 Bg7 4. c4 0-0 5. 0-0 d6 6. Nc3 Nc6 7. d4 a6 8. d5 Na5 9. Nd2 c5 10. Qc2 Rb8 11. b3 b5 12. Bb2 e5 13. Nd1 Bh6 14. Bc3 Bg4 15. f3 Bd7 16. e4 Nh5 17. Re1 f5 18. Qd3 Nf6 19. Nf2 f4 20. Nf1 bxc4 21. bxc4 Nxc4 22. a4 Nb6 23. Ba5 Qc8 24. Reb1 Nxa4 25. Rxb8 Qxb8 26. Qxa6 Bb5 0-1

[Event "Vojvodina-ch 4th"]
[Site "Novi Sad"]
[Date "2013.07.02"]
[Round "7"]
[White "Pecelj, Nedeljko"]
[Black "Kiroski, Toni"]
[Result "1-0"]
[WhiteElo "2190"]
[BlackElo "2341"]
[PlyCount "53"]
[EventDate "2013.06.28"]
[EventType "swiss"]
[EventRounds "9"]
[EventCountry "SRB"]
[SourceTitle "CBM 155 Extra"]
[Source "ChessBase"]
[SourceDate "2013.08.26"]
[SourceVersion "1"]
[SourceVersionDate "2013.08.26"]
[SourceQuality "1"]

1. Nf3 d6 2. d4 c5 3. g3 g6 4. Bg2 Nf6 5. c4 Bg7 6. 0-0 0-0 7. Nc3 Nc6 8. d5 Na5 9. Qd3 e5 10. dxe6 Bxe6 11. b3 Ne4 12. Nd4 Qf6 13. Nxe6 Qxe6 14. Nxe4 Bxa1 15. Ng5 Qe5 16. Bf4 Qd4 17. Qb1 Bc3 18. Bd5 Kh8 19. Ne6 Qf6 20. Qd3 Bb2 21. Rb1 Nc6 22. Bg5 Qe5 23. Bd2 Nd4 24. Rxb2 Nxe2+ 25. Qxe2 Qxb2 26. Qe1 Kg8 27. Bc3 1-0

[Event "Vojvodina-ch 4th"]
[Site "Novi Sad"]
[Date "2013.06.29"]
[Round "3"]
[White "Pecelj, Nedeljko"]
[Black "Petkovic, Radosav"]
[Result "1/2-1/2"]
[WhiteElo "2190"]
[BlackElo "2273"]
[PlyCount "107"]
[EventDate "2013.06.28"]
[EventType "swiss"]
[EventRounds "9"]
[EventCountry "SRB"]
[SourceTitle "CBM 155 Extra"]
[Source "ChessBase"]
[SourceDate "2013.08.26"]
[SourceVersion "1"]
[SourceVersionDate "2013.08.26"]
[SourceQuality "1"]

1. Nf3 Nf6 2. g3 g6 3. Bg2 Bg7 4. c4 d6 5. Nc3 0-0 6. 0-0 e5 7. d4 Nbd7 8. e4 a6 9. h3 b5 10. dxe5 dxe5 11. cxb5 axb5 12. Re1 c6 13. Qc2 Bb7 14. b3 Qe7 15. a4 b4 16. Nd1 Nc5 17. Bg5 Ne6 18. Nb2 Nxg5 19. Nxg5 Nd7 20. Nf3 f5 21. Rad1 c5 22. exf5 gxf5 23. Qc4+ Kh8 24. Qb5 Bc8 25. Nc4 e4 26. Nd6 Ne5 27. Nxe5 Qxe5 28. Qc6 Be6 29. Nxe4 Rac8 30. Nxc5 Qc3 31. Qxe6 Rxc5 32. Rd7 f4 33. Red1 fxg3 34. fxg3 Qxg3 35. Rd8 Qf2+ 36. Kh1 Rg5 37. Rxf8+ Bxf8 38. Qe4 Qg3 39. Rd8 Rg8 40. Qd4+ Bg7 41. Rxg8+ Kxg8 42. Qd5+ Kf8 43. Qc5+ Kf7 44. Qc4+ Kg6 45. Qxb4 h5 46. Qe4+ Kh6 47. Qe6+ Kg5 48. a5 Qc3 49. h4+ Kxh4 50. Qc4+ Qxc4 51. bxc4 Bd4 52. Bb7 Kg3 53. Bd5 h4 54. Be6 1/2-1/2

[Event "SRB-chT Cup"]
[Site "Kragujevac"]
[Date "2012.05.16"]
[Round "3"]
[White "Pecelj, Nedeljko"]
[Black "Jovanovic, Bojan P"]
[Result "1-0"]
[WhiteElo "2165"]
[BlackElo "2175"]
[PlyCount "136"]
[EventDate "2012.05.14"]
[EventType "team-swiss"]
[EventRounds "7"]
[EventCountry "SRB"]
[SourceTitle "CBM 148 Extra"]
[Source "ChessBase"]
[SourceDate "2012.06.22"]
[SourceVersion "1"]
[SourceVersionDate "2012.06.22"]
[SourceQuality "1"]
[WhiteTeam "Hercegovac Gajdobra"]
[BlackTeam "Kragujevac Radnicki"]
[WhiteTeamCountry "SRB"]
[BlackTeamCountry "SRB"]

1. Nf3 e6 2. d4 f5 3. g3 Nf6 4. Bg2 Be7 5. 0-0 0-0 6. c4 d6 7. Nc3 Ne4 8. Qc2 Nxc3 9. Qxc3 a5 10. Bd2 Bf6 11. Qc2 e5 12. Bc3 Nc6 13. dxe5 dxe5 14. Rad1 Qe7 15. e3 Be6 16. b3 g5 17. Qb2 Qg7 18. Nd2 g4 19. Bd5 Bxd5 20. cxd5 Nd4 21. exd4 exd4 22. Bxd4 Bxd4 23. Qc2 Rad8 24. Nc4 Rxd5 25. Ne3 Rc5 26. Qd3 Bxe3 27. Qxe3 Re5 28. Qf4 Kh8 29. Rfe1 Rxe1+ 30. Rxe1 b6 31. Re5 Qd7 32. Qe3 Qd6 33. Re6 Qd1+ 34. Kg2 Qd5+ 35. f3 gxf3+ 36. Qxf3 Qxf3+ 37. Kxf3 Kg7 38. Kf4 Rf7 39. Rc6 Kf8 40. Ke5 Ke8 41. Rf6 Rd7 42. Rxf5 Re7+ 43. Kf6 Rd7 44. Rh5 c5 45. a4 Kd8 46. g4 Rd6+ 47. Kf7 Rd4 48. h3 Rd3 49. Rxh7 Rxb3 50. g5 Rf3+ 51. Ke6 Rg3 52. h4 c4 53. Rb7 c3 54. Rxb6 Kc7 55. Rb1 Kc6 56. Kf5 Kc5 57. h5 Rh3 58. h6 Rh5 59. Kg6 Rh2 60. Kh7 Rb2 61. Rc1 Rb7+ 62. Kg6 Kd4 63. h7 Rb6+ 64. Kh5 Rb8 65. g6 Rh8 66. Kh6 Re8 67. g7 Re6+ 68. Kg5 Re5+ 1-0

[Event "SRB-chT Cup"]
[Site "Kragujevac"]
[Date "2012.05.14"]
[Round "1"]
[White "Pecelj, Nedeljko"]
[Black "Milosevic, Slavisa"]
[Result "0-1"]
[WhiteElo "2165"]
[BlackElo "2254"]
[PlyCount "70"]
[EventDate "2012.05.14"]
[EventType "team-swiss"]
[EventRounds "7"]
[EventCountry "SRB"]
[SourceTitle "CBM 148 Extra"]
[Source "ChessBase"]
[SourceDate "2012.06.22"]
[SourceVersion "1"]
[SourceVersionDate "2012.06.22"]
[SourceQuality "1"]
[WhiteTeam "Hercegovac Gajdobra"]
[BlackTeam "Valjevo"]
[WhiteTeamCountry "SRB"]
[BlackTeamCountry "SRB"]

1. Nf3 f5 2. d4 Nf6 3. g3 g6 4. Bg2 Bg7 5. 0-0 0-0 6. c4 d6 7. Nc3 Nc6 8. d5 Ne5 9. Nxe5 dxe5 10. e4 f4 11. gxf4 Nh5 12. f5 Nf4 13. Bxf4 exf4 14. Qd2 Be5 15. Rad1 gxf5 16. Bf3 Qd6 17. Rfe1 Kh8 18. Kh1 Qh6 19. exf5 Rxf5 20. c5 Qh3 21. Qe2 Qh4 22. d6 exd6 23. cxd6 cxd6 24. Nb5 Rh5 25. Bxh5 f3 26. Qxe5+ dxe5 27. Rxe5 Bg4 28. Bxg4 Qxg4 29. Rg1 Qf4 30. Nd6 Rg8 31. Rxg8+ Kxg8 32. Re8+ Kg7 33. Re7+ Kg6 34. Re6+ Kh5 35. h4 Qxh4+ 0-1

[Event "SRB-chT Cup"]
[Site "Kragujevac"]
[Date "2010.05.23"]
[Round "6"]
[White "Jovanovic, Milos"]
[Black "Pecelj, Nedeljko"]
[Result "1-0"]
[WhiteElo "2249"]
[BlackElo "2154"]
[PlyCount "88"]
[EventDate "2010.05.18"]
[EventType "team-tourn"]
[EventRounds "7"]
[EventCountry "YUG"]
[SourceTitle "CBM 136 Extra"]
[Source "ChessBase"]
[SourceDate "2010.07.02"]
[SourceVersion "2"]
[SourceVersionDate "2010.07.15"]
[SourceQuality "1"]

1. e4 e6 2. Nf3 d5 3. Nc3 dxe4 4. Nxe4 Bd7 5. d4 Bc6 6. Bd3 Nd7 7. Qe2 Ngf6 8. Nxf6+ Nxf6 9. Bg5 Be7 10. Bb5 Qd5 11. Bxc6+ Qxc6 12. 0-0-0 0-0 13. d5 Qb6 14. dxe6 Qxe6 15. Qxe6 fxe6 16. Rhe1 Kf7 17. Bh4 Bd6 18. Ng5+ Kg6 19. Nxe6 Rfe8 20. Bg3 Bxg3 21. hxg3 c6 22. f3 h6 23. c4 Kf7 24. Nc5 b6 25. Nd3 Rxe1 26. Rxe1 Nd7 27. g4 Kf6 28. Kc2 Rd8 29. Kc3 Rc8 30. Nf4 Kf7 31. Rd1 Ke7 32. Ng6+ Ke6 33. b4 Rc7 34. f4 Nf6 35. f5+ Kf7 36. Rd8 Ne8 37. c5 bxc5 38. bxc5 a5 39. Ra8 Rb7 40. Ne5+ Ke7 41. Nxc6+ Kd7 42. Ne5+ Ke7 43. Ng6+ Kd7 44. c6+ Kxc6 1-0